| 000 | 00423nam a2200133Ia 4500 | ||
|---|---|---|---|
| 008 | 211109s9999||||xx |||||||||||||| ||und|| | ||
| 082 |
_a494.812 _bVAS-K |
||
| 100 | _aVasudeva Bhattathiri, C V | ||
| 245 | 0 | _aKerala Panineeya Padangal | |
| 260 |
_bD c Books _aKottayam _c1995 |
||
| 630 | _xGeneral stack | ||
| 650 |
_aMalayalam Language _vMalayalam grammar _xAltaic, Uralic, Hyperborean & Dravidian Generalia |
||
| 942 | _cBOOK | ||
| 999 |
_c49084 _d49084 |
||